000 00639nam a2200253Ia 4500
003 OSt
005 20221007100405.0
006 a|||||r|||| 00| 0
007 ta
008 221006b |||||||| |||| 00| 0 eng d
024 _a4,334
037 _cTextual
040 _aLCO
_cLCO
_beng
041 _2eng
_aeng
082 _aX72y8, M0
100 _aBhattacharya S.
245 0 _aYearly Tax Digest Referencer, 1980
260 _aDelhi
_bTaxmann India
_c1980
300 _a330+45+66
650 _aTAX
700 _a Taxmann
942 _hX72y8, M0
_cTEXL
999 _c1173897
_d1173897